Catálogo público

The resilient farm and homestead : (Record no. 220299)

MARC details
000 -CABECERA
campo de control de longitud fija 02759nam a2200325 a 4500
003 - IDENTIFICADOR DEL NÚMERO DE CONTROL
campo de control CHAP
005 - FECHA Y HORA DE LA ÚLTIMA TRANSACCIÓN
campo de control 20250203145556.0
007 - CAMPO FIJO DE DESCRIPCIÓN FÍSICA--INFORMACIÓN GENERAL
campo de control de longitud fija ta
008 - DATOS DE LONGITUD FIJA--INFORMACIÓN GENERAL
campo de control de longitud fija 241204u2013 vtuabd|fr|||| 001 0 eng d
020 ## - NÚMERO INTERNACIONAL ESTÁNDAR DEL LIBRO
Número Internacional Estándar del Libro 978-1603584449
040 ## - FUENTE DE LA CATALOGACIÓN
Centro catalogador/agencia de origen Z
Centro/agencia transcriptor CHAP
Normas de descripción rda
041 0# - CÓDIGO DE LENGUA
Código de lengua del sumario o resumen Inglés
Código de lengua de la tabla de contenido Inglés
082 00 - NÚMERO DE LA CLASIFICACIÓN DECIMAL DEWEY
Número de clasificación 631.58
Número de documento/Ítem F35 2013
Número de edición 20
100 1# - ENTRADA PRINCIPAL--NOMBRE DE PERSONA
Nombre de persona Falk, Ben
9 (RLIN) 189799
Término indicativo de función/relación autor
245 14 - MENCIÓN DE TÍTULO
Título The resilient farm and homestead :
Resto del título an innovative permaculture and whole systems design approach /
Mención de responsabilidad, etc. Ben Falk
264 #1 - PRODUCCIÓN, PUBLICACIÓN, DISTRIBUCIÓN, FABRICACIÓN Y COPYRIGHT
Producción, publicación, distribución, fabricación y copyright White River Junction, Vermont :
Nombre del de productor, editor, distribuidor, fabricante Chelsea Green Publishing,
Fecha de producción, publicación, distribución, fabricación o copyright ©2031
300 ## - DESCRIPCIÓN FÍSICA
Extensión 04 páginas :
Otras características físicas ilustraciones, mapas, graficas, tablas
336 ## - TIPO DE CONTENIDO
Fuente rdacontent
Término de tipo de contenido texto
Código de tipo de contenido txt
337 ## - TIPO DE MEDIO
Fuente rdamedia
Nombre/término del tipo de medio sin medio
Código del tipo de medio n
338 ## - TIPO DE SOPORTE
Fuente rdacarrier
Nombre/término del tipo de soporte volumen
Código del tipo de soporte nc
500 ## - NOTA GENERAL
Nota general ej.1: Consumo
505 ## - NOTA DE CONTENIDO CON FORMATO
Nota de contenido con formato Chapter one: Creating a positive legacy while adaptating to rapid change -- Chapter two: The design process and site establishment -- Chapter three: Water and earthworks -- Chapter four: Fertility harvesting and cycling -- Chapter five: food crops -- Chapter six: adaptative fuel and shelter -- Chapter seven: Resilience and regeneration for the long haul -- Acknowledgments -- Appendix A: Assessing resiliency aptitude quiz -- Appendix B: A resilient home curriculum outline -- Appendix C: Crucial skill list for emergencies -- Appendix D: Tools and materials -- Appendix E: Homestead vulnerability checklist and strategy summary to reduce vulnerability in acute events -- Appendix F: Vocabulary and concepts -- Appendix G: Resources -- Index.
520 ## - SUMARIO, ETC.
Sumario, etc. The Resilient Farm and Homestead is a manual for developing durable, beautiful, and highly functional human habitat systems fit to handle an age of rapid transition.<br/>The book covers nearly every strategy Falk and his team have been testing at the Whole Systems Research Farm over the past decade, as well as experiments from other sites Falk has designed through his off-farm consulting business. The book includes detailed information on earthworks; gravity-fed water systems; species composition; the site-design process; site management; fuelwood hedge production and processing; human health and nutrient-dense production strategies; rapid topsoil formation and remineralization; agroforestry/silvopasture/grazing; ecosystem services, especially regarding flood mitigation; fertility management; human labor and social-systems aspects; tools/equipment/appropriate technology; and much more, complete with gorgeous photography and detailed design drawings.<br/>
534 ## - NOTA SOBRE LA VERSIÓN ORIGINAL
Frase introductoria Título original:
650 13 - PUNTO DE ACCESO ADICIONAL DE MATERIA--TÉRMINO DE MATERIA
Término de materia o nombre geográfico como elemento de entrada Permacultura
9 (RLIN) 190047
650 13 - PUNTO DE ACCESO ADICIONAL DE MATERIA--TÉRMINO DE MATERIA
Término de materia o nombre geográfico como elemento de entrada Ecología agrícola
9 (RLIN) 35165
650 13 - PUNTO DE ACCESO ADICIONAL DE MATERIA--TÉRMINO DE MATERIA
Término de materia o nombre geográfico como elemento de entrada Agricultura sustentable
9 (RLIN) 2011
650 10 - PUNTO DE ACCESO ADICIONAL DE MATERIA--TÉRMINO DE MATERIA
Término de materia o nombre geográfico como elemento de entrada Buenas prácticas agrícolas
9 (RLIN) 157561
942 ## - ELEMENTOS DE PUNTO DE ACCESO ADICIONAL (KOHA)
Fuente del sistema de clasificación o colocación Dewey Decimal Classification
Tipo de ítem Koha Libro
Holdings
Estado de retiro Estado de pérdida Fuente del sistema de clasificación o colocación Estado dañado Restricciones de uso No para préstamo Código de colección Localización permanente Ubicación/localización actual Fecha de adquisición Fuente de adquisición Número de inventario Total de préstamos Signatura topográfica completa Código de barras Fecha visto por última vez Número de copia Precio válido a partir de Tipo de ítem Koha
    Dewey Decimal Classification   Préstamo interno   General Zootecnia Zootecnia 02/10/2019 Compra Libreria UACh No. 38301 Consumo   631.58 F35 2013 5102007513 04/12/2024 Ej.1 04/12/2024 Libro